Biocentrism and Modernism / (Record no. 23439)
[ view plain ]
| 000 -LEADER | |
|---|---|
| fixed length control field | 02353cam a2200349 i 4500 |
| 001 - CONTROL NUMBER | |
| control field | 16502780 |
| 005 - DATE AND TIME OF LATEST TRANSACTION | |
| control field | 20170126112548.0 |
| 008 - FIXED-LENGTH DATA ELEMENTS--GENERAL INFORMATION | |
| fixed length control field | 101015s2011 enk b 001 0 eng |
| 010 ## - LIBRARY OF CONGRESS CONTROL NUMBER | |
| LC control number | 2010044257 |
| 020 ## - INTERNATIONAL STANDARD BOOK NUMBER | |
| International Standard Book Number | 9781409400509 (hardcover) |
| 040 ## - CATALOGING SOURCE | |
| Original cataloging agency | DLC |
| Language of cataloging | eng |
| Transcribing agency | DLC |
| Description conventions | rda |
| 042 ## - AUTHENTICATION CODE | |
| Authentication code | pcc |
| 050 00 - LIBRARY OF CONGRESS CALL NUMBER | |
| Classification number | N6465 |
| Item number | .M63B68 2011 |
| 245 00 - TITLE STATEMENT | |
| Title | Biocentrism and Modernism / |
| Statement of responsibility, etc. | Edited by Oliver A.I. Botar and Isabel Wünsche. |
| 260 ## - PUBLICATION, DISTRIBUTION, ETC. (IMPRINT) | |
| Place of publication, distribution, etc. | Farnham, Surrey, England : |
| Name of publisher, distributor, etc. | ASHGATE, |
| Date of publication, distribution, etc. | [2011] |
| 300 ## - PHYSICAL DESCRIPTION | |
| Extent | xvi, 266p. : |
| Dimensions | 25 cm. |
| 504 ## - BIBLIOGRAPHY, ETC. NOTE | |
| Bibliography, etc | Includes bibliographical references (pages 239-259) and index. |
| 650 #0 - SUBJECT ADDED ENTRY--TOPICAL TERM | |
| Topical term or geographic name as entry element | Modernism (Art) |
| 650 #0 - SUBJECT ADDED ENTRY--TOPICAL TERM | |
| Topical term or geographic name as entry element | Nature (Aesthetics) |
| 650 #0 - SUBJECT ADDED ENTRY--TOPICAL TERM | |
| Topical term or geographic name as entry element | Human ecology in art. |
| 700 1# - ADDED ENTRY--PERSONAL NAME | |
| Personal name | Botar, Oliver A. I. |
| Fuller form of name | (Oliver Arpad Istvan), |
| Dates associated with a name | 1957- |
| 700 1# - ADDED ENTRY--PERSONAL NAME | |
| Personal name | Wünsche, Isabel. |
| 700 12 - ADDED ENTRY--PERSONAL NAME | |
| Personal name | Botar, Oliver A. I. |
| Fuller form of name | (Oliver Arpad Istvan), |
| Dates associated with a name | 1957- |
| Title of a work | Defining biocentrism. |
| 942 ## - ADDED ENTRY ELEMENTS (KOHA) | |
| Source of classification or shelving scheme | |
| Koha item type | Hard Covered Materials |
| Classification part | N6465 .M63B68 2011 |
| Withdrawn status | Lost status | Source of classification or shelving scheme | Damaged status | Not for loan | Home library | Current library | Shelving location | Date acquired | Source of acquisition | Total Checkouts | Full call number | Barcode | Date last seen | Price effective from | Koha item type |
|---|---|---|---|---|---|---|---|---|---|---|---|---|---|---|---|
| MACHAKOS UNIVERSITY LIBRARY | MACHAKOS UNIVERSITY LIBRARY | Technical section | 26/01/2017 | Donation(BFA) | N6465 .M63B68 2011 | 32342 | 06/07/2018 | 26/01/2017 | Hard Covered Materials |